| 000 | 00823nam a22001817a 4500 | ||
|---|---|---|---|
| 008 | 110721s1970 ua|||||r|||| 000 0 ara d | ||
| 082 |
_222 _a610.9 _bك ا ل |
||
| 100 |
_926369 _aدياب ، محمود |
||
| 245 |
_aالطب والأطباء : _bفي مختلف العهود الإسلامية / _cمحمود دياب |
||
| 260 |
_aالقاهرة : _bمكتبة الأنجلو المصرية ، [1970?] _c[1970?] |
||
| 300 |
_a405ص ؛ _c25سم |
||
| 504 | _aيشتمل على إرجاعات ببليوجرافية ص 403-405 | ||
| 650 |
_921273 _aالطب _xتاريخ |
||
| 650 |
_926370 _aالطب النبوي _xتاريخ |
||
| 653 |
_bGeneral _cJuly2011 |
||
| 942 |
_2ddc _cBB |
||
| 999 |
_c15717 _d15717 |
||